| 000 | 00593 a2200241 4500 | ||
|---|---|---|---|
| 001 | 200001507 | ||
| 003 | TR-AnTOB | ||
| 005 | 20240730163607.0 | ||
| 008 | 180227b xxu||||| |||| 00| 0 tur d | ||
| 040 |
_aTR-AnTOB _cTR-AnTOB |
||
| 041 | _atur | ||
| 050 | _aHD2346.T9 | ||
| 090 | _aR338.04025 GİR 2007 | ||
| 245 | _aGirişim rehberi 2007. | ||
| 250 | _a[B.Y.] | ||
| 264 | 1 |
_aİSTANBUL: _bFORTIS, _c2007. |
|
| 300 |
_a114 s.; _c9 cm. |
||
| 650 | 7 |
_aGirişimcilik _zTürkiye _2etuturkob _932424 |
|
| 910 | _aREHBER | ||
| 942 |
_cBK _2lcc |
||
| 999 |
_c200001507 _d28726 |
||